| 000 | 00412nam a22001457a 4500 | ||
|---|---|---|---|
| 005 | 20260302152720.0 | ||
| 008 | 260302b |||||||| |||| 00| 0 eng d | ||
| 020 | _a978-0195-73835-3 | ||
| 100 | _aAREGE, TIMOTHY | ||
| 245 | _aFANI YA SHAIRI KWA SHULE ZA UPILI | ||
| 260 |
_aNAIROBI _bOXFORD UNIVERSITY PRESS _c2016 |
||
| 300 | _aVI, 162P. | ||
| 650 | _aSWAHILI LANGUAGE - STUDY AND TEACHING | ||
| 942 |
_2lcc _cBK |
||
| 999 |
_c216736 _d216736 |
||